00372nam a2200145Ia 4500003000400000005001700004008004100021040001800062041000800080100003400088110001600122245003700138260001900175710003200194OSt20260309112519.0211028s2011 xx 000 0 und d cAIMIT LIBRARY aeng aP, Sudeep; R, Kavitha.g81731 aSanthosh B. aOnline hotel management system / aPayyanurc2011 aSprint Technologies Pvt Ltd